=LDR 00000nam 2200000 4500 =001 INLIS000000000040204 =005 20130612145800 =008 ***********************************Ind** =035 ##$$a0010-061300000040204 =041 ##$$a Ind =082 ##$$a 813 =090 ##$$a 813, Sut t =100 ##$$a Auteliff, Rosemary =245 ##$$a The eagle of the ninth, Rosenary Suteliff =260 ##$$a 2011 $b Jakarta =300 ##$$a 476 hlm, 30 cm =650 ##$$a Fiksi =850 ##$$a NBPNMAT =990 ##$$a 21196175/BPAP-NTB/2014 =990 ##$$a 76077607 =990 ##$$a 01201707607 =990 ##$$a 21196175/BPAP-NTB/2014